Lektury szkolne według epok - Statystyki

Ogólne statystyki
  • Ten quiz został rozwiązany 1 241 razy
  • Średni wynik to 23 z 49
Statystyki odpowiedzi
Hint Odpowiedź % Poprawnych
Romantyczność Romantyzm
76%
Mitologia grecka Antyk
74%
Dziady Romantyzm
72%
Iliada Antyk
70%
Pan Tadeusz Romantyzm
70%
Antygona Antyk
69%
Lalka Pozytywizm
68%
Kordian Romantyzm
67%
Konrad Wallenrod Romantyzm
63%
Rok 1984 Współczesność
63%
Legenda o św. Aleksym Średniowiecze
62%
Pieśń o Rolandzie Średniowiecze
61%
Balladyna Romantyzm
60%
Tango Współczesność
58%
Lament świętokrzyski Średniowiecze
56%
Kronika Polska (Gall Anonim) Średniowiecze
56%
Rozmowa Mistrza Polikarpa ze Śmiercią Średniowiecze
55%
Kwiatki św. Franciszka z Asyżu Średniowiecze
54%
Górą "Edek" Współczesność
54%
Profesor Andrews w Warszawie Współczesność
54%
Potop Pozytywizm
53%
Wesele Młoda Polska
52%
Zbrodnia i kara Pozytywizm
52%
Bajki I. Krasickiego Oświecenie
46%
Satyry I. Krasickiego Oświecenie
46%
Chłopi Młoda Polska
44%
Miejsce Współczesność
44%
Opowiadania T. Borowskiego Literatura wojenna
43%
Zdążyć przed Panem Bogiem Literatura wojenna
43%
Dżuma Współczesność
43%
Inny świat Literatura wojenna
42%
Katedra Współczesność
40%
Odprawa posłów greckich Renesans
36%
Raport o stanie wojennym Współczesność
36%
Skąpiec Barok
33%
Droga donikąd Współczesność
33%
Podróże z Herodotem Współczesność
32%
Zemsta Romantyzm
31%
Boska Komedia Średniowiecze
31%
Przedwiośnie Dwudziestolecie
29%
Ferdydurke Dwudziestolecie
29%
Pamiętniki (Jan Ch. Pasek) Barok
28%
Madame Współczesność
25%
Kazania sejmowe Renesans
24%
Z legend dawnego Egiptu Pozytywizm
23%
Rozdziobią nas kruki, wrony Młoda Polska
21%
Romeo i Julia Epoka elżbietańska
20%
Makbet Epoka elżbietańska
19%
Gloria victis Młoda Polska
8%
Nie znaleziono quizów pasujących do podanych kryteriów
Rozkład punktacji
Procent ludzi z każdym wynikiem
Percentyl według liczby udzielonych odpowiedzi
Twoja historia wyników
Nie rozwiązałeś tego quizu